[Event "Challenge"]
[Site "http://www.queenalice.com/game.php?id=1152821"]
[Date "2013.2.17"]
[Round "-"]
[White "sunking"]
[Black "TyaoKarreyrowsky"]
[Result "0-1"]
[WhiteElo "1570"]
[BlackElo "1712"]

1. d4 d5 2. Bf4 Nf6 3. Nc3 c6 4. e3 Bf5 5. Nf3 h6 6. Bd3 Bxd3 7. Qxd3 e6 8. Na4
Nbd7 9. Be5 Qa5+ 10. Qd2 Qxa4 11. O-O Be7 12. Bxf6 Nxf6 13. h3 O-O 14. Qd3 Rac8
15. b3 Qa5 16. Ne5 Bd6 17. Ng6 fxg6 18. Qxg6 Ne4 19. Qxe6+ Kh7 20. f3 Rce8 21.
Qg4 Ng3 22. Rf2 Qc3 23. Rc1 Qxe3 24. Rb1 Ne4 25. Rf1 Nxf2 26. Rxf2 Qc1+ 27. Rf1
Re1 28. Rxe1 Qxe1# 0-1

[Event "Challenge"]
[Site "http://www.queenalice.com/game.php?id=1160757"]
[Date "2013.3.13"]
[Round "-"]
[White "sunking"]
[Black "tylsar16"]
[Result "1-0"]
[WhiteElo "1537"]
[BlackElo "1580"]

1. d4 f5 2. d5 e6 3. f4 Bb4+ 4. c3 Bc5 5. Nh3 Nf6 6. e3 exd5 7. Ng5 O-O 8. Bd3
Ng4 9. c4 dxc4 10. Bxc4+ Kh8 11. Rf1 Nxh2 12. Rf2 h6 13. Nh3 Be7 14. g3 g5 15.
Rxh2 g4 16. Nf2 Rf6 17. b3 Bb4+ 18. Bd2 Bxd2+ 19. Nxd2 Nc6 20. Bd5 b6 21. Nc4
Qf8 22. Ne5 Nxe5 23. fxe5 Rg6 24. Bxa8 Qg7 25. Bd5 Qxe5 26. Rc1 Qxg3 27. Qd4+
Kh7 28. Rh1 Qd6 29. Bf7 Qxd4 30. exd4 g3 31. Bxg6+ 1-0

[Event "Challenge"]
[Site "http://www.queenalice.com/game.php?id=1165324"]
[Date "2013.3.27"]
[Round "-"]
[White "sunking"]
[Black "Chessweed007"]
[Result "0-1"]
[WhiteElo "1570"]
[BlackElo "1548"]

1. d4 d5 2. Bf4 Nf6 3. f3 e6 4. Bg5 Nbd7 5. Bxf6 Nxf6 6. Nh3 Nh5 7. Nc3 Qd7 8.
Qd2 Nf6 9. g4 a5 10. a4 Bb4 11. Nf4 Ra6 12. Qd3 c6 13. Nh5 Nxh5 14. gxh5 b5 15.
axb5 cxb5 16. e3 Rb6 17. Kf2 O-O 18. Nxb5 Ba6 19. c3 Bxb5 20. Qd1 Bxf1 21. Rxf1
Be7 22. f4 Rxb2+ 23. Kf3 e5 24. dxe5 Qh3# 0-1

[Event "Challenge"]
[Site "http://www.queenalice.com/game.php?id=1174439"]
[Date "2013.4.23"]
[Round "-"]
[White "sunking"]
[Black "MarKo85"]
[Result "0-1"]
[WhiteElo "1553"]
[BlackElo "1555"]

1. d4 d5 2. Nf3 c6 3. Ne5 Be6 4. Nc3 Nd7 5. e4 Ngf6 6. f3 g6 7. g4 Bg7 8. Nxd7
Qxd7 9. e5 Ng8 10. Na4 O-O-O 11. Nc5 Qc7 12. Ba6 bxa6 13. Nxa6 Qa5+ 14. c3 Qxa6
15. Qb3 f5 16. g5 Qd3 17. Qd1 Qxd1+ 18. Kxd1 h6 19. f4 hxg5 20. h4 Rxh4 21. Rxh4
gxh4 22. Be3 Nh6 23. Kc2 Ng4 24. Bg1 Rh8 25. b3 h3 26. Rd1 h2 27. Bxh2 Rxh2+ 28.
Rd2 Rxd2+ 29. Kxd2 Bh6 30. Kd3 Bxf4 31. Ke2 Bc1 32. Kf3 Nh2+ 33. Kg2 Ng4 34. Kg3
Bb2 35. Kh4 Bf7 36. c4 dxc4 37. b4 Bxd4 38. a4 Bxe5 39. Kg5 c3 40. Kh4 c2 41.
Kg5 c1=Q+ 0-1

[Event "Greetings from Kenya"]
[Site "http://www.queenalice.com/game.php?id=1177192"]
[Date "2013.5.1"]
[Round "-"]
[White "sunking"]
[Black "ki2013"]
[Result "0-1"]
[WhiteElo "1572"]
[BlackElo "1627"]

1. d4 d5 2. Bf4 e6 3. e3 Nc6 4. Bb5 Bd7 5. Qd2 a6 6. Bxc6 Bxc6 7. Nc3 Bb4 8. Be5
Bxc3 9. Qxc3 f6 10. Bg3 Ne7 11. Nf3 Nf5 12. Nh4 Nxh4 13. Bxh4 Qd7 14. O-O g5 15.
Bg3 h5 16. h4 g4 17. Qd3 f5 18. Bf4 Bb5 19. Qc3 Bc6 20. a4 Ke7 21. g3 Bxa4 22.
b3 Bc6 23. Bg5+ Ke8 24. Bf6 Rg8 25. Be5 Rc8 26. f4 Bb5 27. Rfe1 Qd8 28. Ra5 Bc6
29. b4 Bb5 30. Qb3 Rf8 31. Rc1 Bc4 32. Qc3 Bb5 33. Qb3 Bc4 34. Qc3 Bb5 35. Qc5
b6 36. Rxb5 axb5 37. Qxb5+ Qd7 38. Qxd7+ Kxd7 39. c3 b5 40. Ra1 Ra8 41. Ra5 Rxa5
42. bxa5 Ra8 43. Kf2 Rxa5 44. Ke2 Ra2+ 45. Kd3 Rg2 46. c4 bxc4+ 47. Kc3 Rxg3 48.
Kb4 Rxe3 49. Kb5 g3 50. Kc5 g2 51. Kb5 g1=Q 0-1

[Event "Challenge"]
[Site "http://www.queenalice.com/game.php?id=1181025"]
[Date "2013.5.13"]
[Round "-"]
[White "sunking"]
[Black "MarKo85"]
[Result "1-0"]
[WhiteElo "1555"]
[BlackElo "1571"]

1. d4 d5 2. Bf4 e6 3. Be5 Nc6 4. f4 Nxe5 5. fxe5 Bb4+ 6. c3 Be7 7. Nf3 Nh6 8. h3
Nf5 9. Rh2 Ne3 10. Qd2 Nxf1 11. Kxf1 O-O 12. g4 f5 13. g5 g6 14. h4 c6 15. b4 b5
16. h5 a5 17. a3 Qe8 18. Nh4 gxh5 19. g6 hxg6 20. Qh6 g5 21. Ng6 h4 22. Qh8+ Kf7
23. Qh7# 1-0

[Event "Challenge"]
[Site "http://www.queenalice.com/game.php?id=1187108"]
[Date "2013.6.2"]
[Round "-"]
[White "sunking"]
[Black "BBOM"]
[Result "0-1"]
[WhiteElo "1537"]
[BlackElo "1561"]

1. g3 e5 2. e4 Bc5 3. Nf3 Qf6 4. c3 d6 5. d4 exd4 6. Bd2 dxc3 7. Bxc3 Qg6 8. Bd3
f6 9. Qe2 Bg4 10. Nbd2 a6 11. e5 Qg5 12. Ne4 Qh5 13. O-O-O Bxf3 14. Qd2 Bxh1 15.
Rxh1 fxe5 16. h4 b6 17. Ng5 h6 18. Ne6 Qf3 19. Qd1 Qxf2 20. Nxc7+ Kd8 21. Nxa8
Qxg3 22. Be4 Qf4+ 23. Qd2 Qxe4 24. Re1 Qxa8 25. b4 Bd4 26. Bxd4 exd4 27. Qxd4
Qg2 28. Qxd6+ Nd7 29. Rd1 Nf6 30. a4 Qg4 31. Qd4 Qxd4 32. Rxd4 Re8 33. Kd2 Kc8
34. Rc4+ Kb7 35. Kc3 Ne4+ 36. Kd3 Nd6 37. Rd4 Ne5+ 38. Kc3 Rc8+ 39. Kb3 Nf5 40.
Rd5 Re8 41. h5 Ng3 42. Kc3 Nxh5 43. Kd4 g5 44. a5 bxa5 45. bxa5 Kc7 46. Rc5+ Kd6
47. Rd5+ Kc6 48. Rc5+ Kb7 49. Rd5 Nf3+ 50. Kc5 Re5 51. Kd6 Rxd5+ 52. Kxd5 g4 53.
Ke4 g3 54. Kxf3 Kc6 55. Kg2 Kb5 56. Kf3 Kxa5 57. Kg2 Kb4 58. Kf3 a5 59. Kg2 a4
60. Kh3 a3 61. Kh4 a2 62. Kxh5 g2 0-1

[Event "Challenge"]
[Site "http://www.queenalice.com/game.php?id=1187391"]
[Date "2013.6.3"]
[Round "-"]
[White "sunking"]
[Black "BBOM"]
[Result "0-1"]
[WhiteElo "1558"]
[BlackElo "1437"]

1. e4 d5 2. e5 d4 3. d3 Qd5 4. f3 Qxe5+ 5. Qe2 Qa5+ 6. Bd2 Qb6 7. Na3 Qxb2 8.
Qd1 Qxa3 9. Ne2 e5 10. Ng3 Bb4 11. Rb1 Bxd2+ 12. Kxd2 Qxa2 13. Nh5 Kf8 14. f4
Bg4 15. Be2 Bxh5 16. Bxh5 exf4 17. Bf3 c6 18. Bg4 h5 19. Bxh5 Qa5+ 20. Ke2 Qxh5+
21. Kd2 Qxd1+ 22. Rhxd1 Rxh2 23. Rf1 Rxg2+ 24. Kc1 g5 25. Kb2 Na6 26. Kc1 b5 27.
Ra1 Nb4 28. Kb2 Nxc2 29. Rac1 Ne3+ 30. Kb3 Nxf1 31. Rxf1 a5 32. Rc1 Rc8 33. Rc5
Nf6 34. Rf5 c5 35. Rxf6 Ra8 36. Rf5 a4+ 37. Ka3 b4# 0-1

[Event "Challenge"]
[Site "http://www.queenalice.com/game.php?id=1192684"]
[Date "2013.6.20"]
[Round "-"]
[White "sunking"]
[Black "PauloRezendeCXG"]
[Result "0-1"]
[WhiteElo "1537"]
[BlackElo "1856"]

1. b3 Nf6 2. Bb2 e6 3. d4 d5 4. Nf3 b6 5. e3 Bb7 6. Bb5+ Nbd7 7. Ne5 Bd6 8.
Bxd7+ Nxd7 9. Qf3 O-O 10. Ba3 Nxe5 11. dxe5 Bxe5 12. c3 c5 13. O-O Qf6 14. Qxf6
Bxf6 15. Bb2 b5 16. Nd2 c4 17. Ba3 Bxc3 18. Rad1 b4 19. Bxb4 Bxb4 20. bxc4 Bxd2
21. Rxd2 Rfc8 22. h3 Rxc4 23. f4 Rac8 24. Rb2 Ba8 25. Rff2 g6 26. a3 Rc3 27.
Rfe2 Rxa3 28. Kf2 Kg7 29. h4 h5 30. g3 Rcc3 31. Rbd2 Bc6 32. e4 dxe4 33. Re3
Rxe3 34. Re2 Rf3+ 35. Kg2 Rxg3+ 36. Kf2 Raf3+ 37. Ke1 e3 38. Kd1 Bb5 0-1

[Event "Challenge"]
[Site "http://www.queenalice.com/game.php?id=1200112"]
[Date "2013.7.15"]
[Round "-"]
[White "sunking"]
[Black "nois"]
[Result "0-1"]
[WhiteElo "1514"]
[BlackElo "1579"]

1. e4 e5 2. Nf3 Qf6 3. Be2 Bc5 4. d3 h6 5. Be3 Bxe3 6. fxe3 d6 7. Nc3 c6 8. d4
exd4 9. exd4 b5 10. d5 b4 11. Na4 c5 12. Bb5+ Nd7 13. c3 a6 14. Qd3 axb5 15.
Qxb5 Ba6 16. Qc6 Bb7 17. Qxb7 Rxa4 18. b3 Qxc3+ 19. Kf2 Ra5 20. Rhe1 Ne7 21. e5
Qb2+ 22. Kg3 Rxa2 23. Qb5 Rxa1 24. Qe2 Qc3 25. exd6 Rxe1 26. dxe7 Rxe2 27. d6
Ne5 28. Kf4 Nxf3 0-1

[Event "Challenge"]
[Site "http://www.queenalice.com/game.php?id=1214870"]
[Date "2013.9.6"]
[Round "-"]
[White "sunking"]
[Black "sidneyjmg"]
[Result "0-1"]
[WhiteElo "1522"]
[BlackElo "1725"]

1. d4 d5 2. Bf4 Nc6 3. Be5 f6 4. Bf4 Nxd4 5. Qxd4 e5 6. Bxe5 fxe5 7. Qxe5+ Be7
8. Qxg7 Bf6 9. Qg3 Bxb2 10. Qe3+ Ne7 11. Nd2 Bxa1 12. Ngf3 c6 13. Nb3 Bb2 14.
Ng5 O-O 15. f3 Nf5 16. Qf4 Bc3+ 17. Kd1 Qb6 18. e4 Ne3+ 19. Ke2 Rxf4 20. g3 Ng4
21. gxf4 Qf2+ 22. Kd1 Qe1# 0-1

[Event "Challenge"]
[Site "http://www.queenalice.com/game.php?id=1218770"]
[Date "2013.9.21"]
[Round "-"]
[White "sunking"]
[Black "jhowrod2013"]
[Result "0-1"]
[WhiteElo "1501"]
[BlackElo "1576"]

1. d4 Nf6 2. d5 d6 3. c4 e5 4. Bg5 Be7 5. Nf3 Ne4 6. Rg1 Bxg5 7. Nxg5 Qxg5 8. g3
O-O 9. f3 Nc5 10. h4 Qe7 11. e4 f5 12. Bh3 fxe4 13. fxe4 Bxh3 14. Kd2 Qf6 15.
Nc3 Qf2+ 16. Ne2 Nxe4+ 17. Kc2 Bf5 18. Qe1 Nc5+ 19. Kd2 Qf3 20. b3 Qd3+ 21. Kc1
Qc2# 0-1

[Event "Challenge"]
[Site "http://www.queenalice.com/game.php?id=1220725"]
[Date "2013.9.28"]
[Round "-"]
[White "sunking"]
[Black "Derik_vd_Heever"]
[Result "0-1"]
[WhiteElo "1493"]
[BlackElo "1398"]

1. d4 e6 2. e4 d5 3. e5 Nc6 4. c3 Qe7 5. Nf3 Bd7 6. Bg5 f6 7. exf6 gxf6 8. Bh4
O-O-O 9. Bb5 Qg7 10. g3 Qg4 11. Nbd2 Bd6 12. a4 e5 13. Qb3 Qh3 14. Bxc6 Bxc6 15.
a5 Qg2 16. Ke2 e4 17. Bxf6 Nxf6 18. Nh4 Qh3 19. a6 b6 20. Qc2 Ng4 21. Nf5 Bf8
22. Nxe4 Re8 23. Rae1 dxe4 24. Kd1 e3 25. Re2 Qg2 26. Rhe1 Bf3 27. Kc1 exf2 28.
Rxe8+ Kd7 29. R8e2 f1=Q 30. Rxf1 Qxf1+ 31. Qd1 Qh3 32. Kc2 Nxh2 33. Ne3 Qxg3 34.
Nf1 Qg6+ 35. Kd2 Bxe2 36. Qxe2 Bh6+ 37. Ke1 Qb1+ 38. Kf2 Rf8+ 39. Kg1 Nxf1 0-1

[Event "Challenge"]
[Site "http://www.queenalice.com/game.php?id=1225403"]
[Date "2013.10.17"]
[Round "-"]
[White "sunking"]
[Black "Leovitor"]
[Result "0-1"]
[WhiteElo "1473"]
[BlackElo "1531"]

1. d4 d5 2. Nc3 Nf6 3. Bf4 Bd7 4. Be5 Nc6 5. Nf3 e6 6. Bxf6 Qxf6 7. Qd2 Bb4 8.
Qd3 O-O 9. Kd1 Rad8 10. Nb5 Bd6 11. e4 dxe4 12. Qxe4 e5 13. d5 Ne7 14. c4 c6 15.
Nxd6 Qxd6 16. Ng5 Qg6 17. Bd3 Bf5 18. Qxe5 Bxd3 19. d6 Rxd6 20. Qxe7 Bxc4+ 21.
Qxd6 Qxd6+ 22. Kc2 Qd3+ 23. Kc1 Qe2 24. Rd1 h6 25. Nh3 Re8 26. b3 Qe5 27. Rb1
Qc3# 0-1

[Event "Challenge"]
[Site "http://www.queenalice.com/game.php?id=1226478"]
[Date "2013.10.22"]
[Round "-"]
[White "sunking"]
[Black "masa"]
[Result "0-1"]
[WhiteElo "1473"]
[BlackElo "1691"]

1. d4 d5 2. c3 Bf5 3. Nd2 Nc6 4. Ngf3 Nf6 5. Nh4 Be6 6. f3 h6 7. Nb3 b6 8. e4 g5
9. Nf5 Bxf5 10. exf5 Bg7 11. g3 Qc8 12. Bb5 Qd7 13. O-O a6 14. Bd3 b5 15. f4 g4
16. Nc5 Qc8 17. Qe1 Nd7 18. Ne6 fxe6 19. fxe6 Nf6 20. f5 h5 21. Bg5 Qb7 22. a3
O-O-O 23. Bxf6 Bxf6 24. b3 Na7 25. Qe2 Qc6 26. Rac1 Rdg8 27. c4 dxc4 28. bxc4
Bxd4+ 29. Rf2 Bxf2+ 30. Qxf2 h4 31. gxh4 Kb8 32. Qe1 Rh6 33. cxb5 Qb6+ 34. Kf1
axb5 35. Rb1 Rgh8 36. Be4 Rxh4 37. h3 gxh3 38. Rd1 h2 39. Ke2 Rxe4+ 40. Kd2 Qa5+
41. Kc1 Rxe1 42. Rxe1 Qxe1+ 0-1

[Event "Challenge"]
[Site "http://www.queenalice.com/game.php?id=1228260"]
[Date "2013.10.29"]
[Round "-"]
[White "sunking"]
[Black "GiovaniB10"]
[Result "0-1"]
[WhiteElo "1473"]
[BlackElo "1430"]

1. b3 e5 2. e4 Nf6 3. Bb2 d6 4. f3 Nc6 5. Nc3 a6 6. Nd5 Be6 7. c4 Bxd5 8. exd5
Nb4 9. Rb1 Nxa2 10. Nh3 h6 11. Bd3 Nb4 12. Bf5 g6 13. Ba3 Nd3+ 14. Bxd3 c5 15.
f4 e4 16. Qe2 Qe7 17. Bc2 h5 18. Ng5 Bh6 19. h3 O-O-O 20. Bb2 Rhe8 21. O-O Nd7
22. Bxe4 Bxg5 23. fxg5 Qxe4 24. Rbe1 Qxe2 25. Rxe2 Rxe2 26. Rxf7 Rxd2 27. Bf6
Rd1+ 28. Kh2 Re8 29. Be7 Ne5 30. Bxd6 Nxf7 31. Bxc5 Nxg5 32. d6 h4 33. Bb4 Re2
34. c5 Nf3# 0-1

[Event "Challenge"]
[Site "http://www.queenalice.com/game.php?id=1230408"]
[Date "2013.11.6"]
[Round "-"]
[White "sunking"]
[Black "Delbo"]
[Result "0-1"]
[WhiteElo "1473"]
[BlackElo "1679"]

1. b3 Nf6 2. Bb2 c5 3. c4 Nc6 4. Nc3 g6 5. Nd5 Bg7 6. Nf3 O-O 7. Rb1 e6 8. Nxf6+
Bxf6 9. Bxf6 Qxf6 10. e4 b6 11. Be2 Bb7 12. d3 Nd4 13. Nxd4 Qxd4 14. f3 d5 15.
exd5 exd5 16. cxd5 Bxd5 17. Qd2 Rfe8 18. Kd1 Rad8 19. Re1 Rd6 20. h3 Rde6 21.
Rb2 Qf2 22. Kc2 Rxe2 23. Rxe2 Rxe2 24. Kc3 Qd4+ 25. Kc2 Rxd2+ 26. Kxd2 Qxb2+ 27.
Ke3 Qxa2 28. d4 Qxb3+ 29. Kf4 Qd3 30. dxc5 bxc5 31. Kg3 a5 0-1

[Event "Challenge"]
[Site "http://www.queenalice.com/game.php?id=1235309"]
[Date "2013.11.25"]
[Round "-"]
[White "sunking"]
[Black "Knighthawk"]
[Result "1/2-1/2"]
[WhiteElo "1473"]
[BlackElo "1549"]

1. d4 d5 2. Nc3 e6 3. Nf3 Nc6 4. e3 a6 5. h3 Bb4 6. Bd2 Nf6 7. Na4 Bxd2+ 8. Nxd2
O-O 9. Nc5 b6 10. Nd3 a5 11. Be2 Ne7 12. b3 Ba6 13. c4 b5 14. c5 c6 15. b4 a4
16. a3 Ng6 17. f3 Bc8 18. g3 Qe7 19. Nf4 Nxf4 20. gxf4 Nh5 21. Nf1 Qh4+ 22. Kd2
Ng3 23. Rg1 Qxh3 24. Rxg3 Qf5 25. Ke1 Bd7 26. Rg5 Qh3 27. Rg3 Qh1 28. Kd2 f5 29.
Rg5 Rf6 30. Ng3 Qxd1+ 31. Rxd1 Rh6 32. Nh5 g6 33. Nf6+ Kf7 34. Nxd7 Rh2 35. Ne5+
Kf6 36. Nd7+ Ke7 37. Ne5 Rc8 38. Nxg6+ hxg6 39. Rxg6 Rch8 40. Rf1 R8h3 41. Re1
Rf2 42. Kd3 Kf7 43. Rg5 Kf6 44. Rg8 Rhh2 45. Rf8+ Ke7 46. Rc8 Kd7 47. Rf8 Rhg2
48. Rh8 Ke7 49. Rh7+ Kd8 50. Rh8+ Kd7 51. Rh7+ Ke8 52. Rh6 Kd7 53. Rh7+ Ke8 54.
Rh8+ Kd7 55. Rh7+ Ke8 56. Rh8+ Kd7 57. Rh7+ Ke8 58. Rh8+ 1/2-1/2

[Event "Challenge"]
[Site "http://www.queenalice.com/game.php?id=1238555"]
[Date "2013.12.8"]
[Round "-"]
[White "sunking"]
[Black "GiovaniB10"]
[Result "0-1"]
[WhiteElo "1473"]
[BlackElo "1534"]

1. d4 e6 2. e4 d5 3. e5 Nc6 4. Nf3 f5 5. Ng5 h6 6. Nf3 Nge7 7. Nh4 g5 8. Nf3 g4
9. Nh4 b6 10. f4 Ng8 11. Ng6 Rh7 12. h3 Rg7 13. Nh4 Qxh4+ 14. Kd2 Nxd4 15. c3
Qf2+ 16. Be2 Nxe2 17. Kc2 Ng3+ 18. Bd2 Nxh1 19. Qxh1 Ba6 20. Qe1 Qxg2 21. h4
Qe4+ 22. Kd1 g3 23. Be3 g2 24. Nd2 Qxe3 25. Kc2 g1=Q 26. Qxg1 Rxg1 27. Nf1 Bxf1
28. Kb3 Bc4+ 29. Kc2 Rxa1 30. b3 Rh1 31. bxc4 Rh3 32. Kb3 Qxc3+ 0-1

[Event "Challenge"]
[Site "http://www.queenalice.com/game.php?id=1240848"]
[Date "2013.12.17"]
[Round "-"]
[White "sunking"]
[Black "metalchurch"]
[Result "0-1"]
[WhiteElo "1476"]
[BlackElo "1547"]

1. d4 g6 2. c3 d5 3. Nf3 Bg7 4. e3 e6 5. Na3 Nf6 6. Bb5+ Bd7 7. Ng5 O-O 8. O-O
a6 9. Bxd7 Qxd7 10. h4 h6 11. Nf3 Ng4 12. g3 e5 13. Nxe5 Bxe5 14. dxe5 Nxe5 15.
Nc2 Qh3 16. Nd4 Nbc6 17. Qd2 Nxd4 18. f4 Qxg3+ 19. Qg2 Ndf3+ 20. Rxf3 Nxf3+ 21.
Kh1 Qe1+ 22. Qg1 Qxg1# 0-1